000 00536nam a2200169Ia 4500
003 LK-CoDNM
005 20240226131332.0
008 010623t1895 xxu||||| |||| 00| 1 Pali d
040 _aLK-CoDNM
_dLK-CoDNM
_eLK-CoDNM
041 _aPali
080 _a104 U20
245 _aමනොරථපූරණී. අඟොත්තරනිකායාර්ථකථාව
246 _aManorathapuurani. Angottharanikaayaartha Kathava.Part IV
260 _bSathyasamuchchaya
_aColombo
_c1895
300 _bDamaged
_a79p., 21 cm
942 _cBK
999 _c84161
_d84161